header

Contemporary art (Record no. 45258)

MARC details
000 -LEADER
fixed length control field 01633nam a2200349 a 4500
082 04 - DEWEY DECIMAL CLASSIFICATION NUMBER
Classification number 709.05/1
245 00 - TITLE STATEMENT
Title Contemporary art
260 ## - PUBLICATION, DISTRIBUTION, ETC. (IMPRINT)
Place of publication Chichester, West Sussex :
Name of publisher Wiley-Blackwell,
Year of publication 2013.
300 ## - PHYSICAL DESCRIPTION
Number of Pages xv, 493 p.
520 ## - SUMMARY, ETC.
Summary, etc "An integrated account of today's contemporary art world that features original articles by leading international art historians, critics, curators, and artists, introducing varied perspectives on the most important debates and discussions happening around the world"--
650 #0 - SUBJECT ADDED ENTRY--TOPICAL TERM
Topical Term Art, Modern
Topical Term Art, Modern
700 1# - ADDED ENTRY--PERSONAL NAME
Personal name Dumbadze, Alexander Blair,
Personal name Hudson, Suzanne.
856 40 - ELECTRONIC LOCATION AND ACCESS
Uniform Resource Identifier http://site.ebrary.com/lib/rucke/Doc?id=10646008
520 ## - SUMMARY, ETC.
-- Provided by publisher.

No items available.

© 2026 Rongo University
Contact us: librarian | system librarian | Rongo university